[Event "258th YMCA Spring B"]
[Site "Warsaw"]
[Date "2022.04.07"]
[Round "1"]
[White "Safanowski, Tomasz"]
[Black "Basiaga, Sebastian"]
[Result "1/2-1/2"]
[WhiteElo "1664"]
[BlackElo "1740"]
[PlyCount "65"]
[EventDate "2022.04.07"]
[EventType "tourn"]
[EventRounds "1"]
[EventCountry "POL"]
[SourceDate "2022.04.05"]

1. f4 d5 2. Nf3 c5 3. e3 Nc6 4. Bb5 Bd7 5. O-O g6 6. d3 Bg7 7. e4 dxe4 8. dxe4
Qb6 9. Bxc6 Bxc6 10. e5 Nh6 11. Na3 O-O 12. Qe2 Nf5 13. Be3 Nxe3 14. Qxe3 Rac8
15. Nc4 Qa6 16. Ncd2 b6 17. Ne4 Qa4 18. Nc3 Qxc2 19. Rf2 Qf5 20. a4 Rfd8 21.
Ng5 Rd3 22. Qe2 Rcd8 23. g4 Qc8 24. e6 f5 25. gxf5 gxf5 26. Qh5 h6 27. Qf7+ Kh8
28. Qg6 hxg5 29. Qh5+ Kg8 30. Qf7+ Kh8 31. Qh5+ Kg8 32. Qf7+ Kh8 33. Qh5+
1/2-1/2

[Event "258th YMCA Spring B"]
[Site "Warsaw"]
[Date "2022.04.07"]
[Round "1"]
[White "Pichurko, Jakub"]
[Black "Nocek, Dominik"]
[Result "1/2-1/2"]
[WhiteElo "1818"]
[BlackElo "1553"]
[PlyCount "44"]
[EventDate "2022.04.07"]
[EventType "tourn"]
[EventRounds "1"]
[EventCountry "POL"]
[SourceDate "2022.04.05"]

1. d4 Nf6 2. Nf3 g6 3. Bf4 Bg7 4. e3 c5 5. c3 b6 6. h3 O-O 7. Be2 Bb7 8. O-O d6
9. Nbd2 Nbd7 10. a4 a6 11. b4 Nd5 12. Qb3 cxd4 13. cxd4 Nxf4 14. exf4 Nf6 15.
Bc4 e6 16. Rfe1 Qd7 17. g3 Nd5 18. Bf1 $11 Rac8 19. Rac1 Rc7 20. b5 a5 21. Rxc7
Qxc7 22. Nc4 Rc8 $11 1/2-1/2

[Event "258th YMCA Spring B"]
[Site "Warsaw"]
[Date "2022.04.07"]
[Round "1"]
[White "Sloniewska, Alicja"]
[Black "Szukalski, Antoni"]
[Result "1/2-1/2"]
[WhiteElo "1757"]
[BlackElo "1724"]
[PlyCount "58"]
[EventDate "2022.04.07"]
[EventType "tourn"]
[EventRounds "1"]
[EventCountry "POL"]
[SourceDate "2022.04.05"]

1. d4 Nf6 2. c4 e6 3. Nc3 d5 4. cxd5 exd5 5. Bg5 Be7 6. e3 h6 7. Bh4 c6 8. Bd3
Be6 9. Qc2 a5 10. Nge2 Na6 11. a3 b5 12. O-O Rc8 13. Rac1 Bd7 14. Qd2 Nc7 15.
f3 Nh5 16. Bf2 O-O 17. e4 Bg5 18. f4 dxe4 19. Nxe4 Be7 20. Qxa5 Nd5 21. Qxd8
Rfxd8 22. g3 Nhf6 23. N2c3 Nxc3 24. Nxc3 b4 25. axb4 Bxb4 26. Na4 Bh3 27. Rfd1
Bg4 28. Rf1 Bh3 29. Rfd1 Bg4 1/2-1/2

[Event "258th YMCA Spring B"]
[Site "Warsaw"]
[Date "2022.04.07"]
[Round "1"]
[White "Sypula, Krzysztof"]
[Black "Kacprzak, Karol"]
[Result "1-0"]
[WhiteElo "1675"]
[BlackElo "1705"]
[PlyCount "75"]
[EventDate "2022.04.07"]
[EventType "tourn"]
[EventRounds "1"]
[EventCountry "POL"]
[SourceDate "2022.04.05"]

1. Nf3 d5 2. c4 e6 3. e3 Nf6 4. Nc3 Be7 5. d4 O-O 6. Bd3 dxc4 7. Bxc4 b6 8. e4
Bb7 9. Qc2 Nc6 10. Be3 a6 11. Rd1 b5 12. Be2 Qc8 13. O-O Nb4 14. Qb1 c5 15. a3
cxd4 16. Nxd4 Nc6 17. Rc1 Nxd4 18. Bxd4 Qb8 19. Bf3 Bd6 20. g3 Be5 21. Be3 Rc8
22. Ne2 Qd6 23. b4 Rxc1 24. Rxc1 Rd8 25. Nf4 h6 26. Rd1 Qc7 27. Rxd8+ Qxd8 28.
Nd3 Bd4 29. Bxd4 Qxd4 30. Nc5 Bc6 31. Qc2 Qa1+ 32. Kg2 Qxa3 33. Nxe6 fxe6 34.
Qxc6 Qxb4 35. Qxe6+ Kh8 36. e5 Ne4 37. Qe8+ Kh7 38. Bh5 1-0

[Event "258th YMCA Spring B"]
[Site "Warsaw"]
[Date "2022.04.07"]
[Round "1"]
[White "Mazurek, Jerzy"]
[Black "Matyszkiewicz, Wiktor"]
[Result "1-0"]
[WhiteElo "1741"]
[BlackElo "1769"]
[PlyCount "45"]
[EventDate "2022.04.07"]
[EventType "tourn"]
[EventRounds "1"]
[EventCountry "POL"]
[SourceDate "2022.04.05"]

1. e4 c5 2. Nf3 d6 3. d4 cxd4 4. Nxd4 Nf6 5. Nc3 e5 6. Bb5+ Bd7 7. Bxd7+ Qxd7
8. Nde2 Be7 9. Bg5 Nc6 10. Bxf6 Bxf6 11. Qd2 O-O 12. O-O-O Rfd8 13. Kb1 b5 14.
Nd5 Be7 15. f3 Bf8 16. g4 b4 17. h4 Rdb8 18. h5 Ne7 19. h6 Nxd5 20. hxg7 Nc3+
21. Nxc3 bxc3 22. gxf8=Q+ Rxf8 23. Qg5+ 1-0

[Event "258th YMCA Spring B"]
[Site "Warsaw"]
[Date "2022.04.07"]
[Round "1"]
[White "Kuc, Mariusz"]
[Black "Milczarek, Robert"]
[Result "1-0"]
[WhiteElo "1747"]
[BlackElo "1664"]
[PlyCount "63"]
[EventDate "2022.04.07"]
[EventType "tourn"]
[EventRounds "1"]
[EventCountry "POL"]
[SourceDate "2022.04.05"]

1. e4 c5 2. Nc3 d6 3. f4 g6 4. Nf3 Bg7 5. Bc4 Nc6 6. O-O e6 7. d3 Nge7 8. Qe1
O-O 9. a3 a6 10. Bd2 Nd4 11. Nxd4 cxd4 12. Ne2 Nc6 13. Qg3 b5 14. Ba2 Rb8 15.
f5 exf5 16. exf5 Bxf5 17. Bg5 Qd7 18. Qh4 Be6 19. Bxe6 fxe6 20. Nf4 Rbe8 21.
Rae1 Ne5 22. Ne2 Nc6 23. Nf4 Rf5 24. Bh6 Ne5 25. Bxg7 Qxg7 26. Qh3 Qf7 27. Ne2
Nc6 28. Ng3 Rf6 29. Ne4 Rf5 30. Nxd6 Qd7 31. Nxe8 Rxf1+ 32. Kxf1 1-0

[Event "258th YMCA Spring B"]
[Site "Warsaw"]
[Date "2022.04.13"]
[Round "2"]
[White "Basiaga, Sebastian"]
[Black "Milczarek, Robert"]
[Result "1-0"]
[WhiteElo "1740"]
[BlackElo "1664"]
[PlyCount "85"]
[EventDate "2022.04.07"]
[EventType "tourn"]
[EventRounds "1"]
[EventCountry "POL"]
[SourceDate "2022.04.05"]

1. e4 c5 2. b3 g6 3. Bb2 Nf6 4. e5 Nd5 5. Bc4 e6 6. Bxd5 exd5 7. e6 d4 8. exf7+
Kxf7 9. Qf3+ Qf6 10. Qxf6+ Kxf6 11. c3 Nc6 12. Nf3 Bg7 13. O-O d6 14. cxd4 cxd4
15. h3 Bf5 16. Na3 Bd3 17. Rfe1 h6 18. Rac1 Kf7 19. Nc2 Bxc2 20. Rxc2 Rhc8 21.
Ba3 d3 22. Rc4 d5 23. Rf4+ Kg8 24. Re3 Re8 25. Rxd3 d4 26. b4 Rac8 27. Rb3 h5
28. g3 Bh6 29. Rf6 Kg7 30. Rd6 Re2 31. Rd3 Rf8 32. Kf1 Ree8 33. b5 Ne5 34. Nxe5
Rxe5 35. Bb2 Rxb5 36. Bxd4+ Kh7 37. Rd7+ Kg8 38. Bxa7 Rb1+ 39. Kg2 Bg5 40. Be3
Bf6 41. R3d6 b5 42. Rb7 Rb2 43. Rxf6 1-0

[Event "258th YMCA Spring B"]
[Site "Warsaw"]
[Date "2022.04.12"]
[Round "2"]
[White "Matyszkiewicz, Wiktor"]
[Black "Kuc, Mariusz"]
[Result "0-1"]
[WhiteElo "1769"]
[BlackElo "1747"]
[PlyCount "84"]
[EventDate "2022.04.07"]
[EventType "tourn"]
[EventRounds "1"]
[EventCountry "POL"]
[SourceDate "2022.04.05"]

1. e4 c5 2. Nf3 e6 3. d4 cxd4 4. Nxd4 Nf6 5. Nc3 d6 6. Bg5 a6 7. f4 Be7 8. Qf3
Qc7 9. O-O-O Nc6 10. g4 Nxd4 11. Rxd4 b5 12. Bg2 Bb7 13. Rhd1 Rc8 14. Qe2 Qa5
15. Kb1 b4 16. Nd5 exd5 17. exd5 h6 18. Bxf6 gxf6 19. Re1 Qd8 20. Rxb4 Rc7 21.
h4 Bc8 22. f5 Kf8 23. Qe4 Kg7 24. Bf1 a5 25. Rb3 Re8 26. Qd4 Kh7 27. Rbe3 Bd7
28. Bd3 Bf8 29. g5 Rxe3 30. Qxe3 Bc8 31. Qg3 Bg7 32. g6+ Kh8 33. Qe3 Bf8 34.
Qd4 fxg6 35. fxg6 Kg7 36. h5 Re7 37. Rf1 Re5 38. Qa7+ Be7 39. a4 Rxd5 40. Bc4
Rxh5 41. Bb3 Re5 42. Qd4 Bf5 $138 0-1

[Event "258th YMCA Spring B"]
[Site "Warsaw"]
[Date "2022.04.14"]
[Round "2"]
[White "Kacprzak, Karol"]
[Black "Mazurek, Jerzy"]
[Result "1/2-1/2"]
[WhiteElo "1705"]
[BlackElo "1741"]
[PlyCount "105"]
[EventDate "2022.04.07"]
[EventType "tourn"]
[EventRounds "1"]
[EventCountry "POL"]
[SourceDate "2022.04.05"]

1. c4 e5 2. Nc3 Nc6 3. g3 Bc5 4. Bg2 d6 5. d3 a6 6. a3 Ba7 7. b4 Nge7 8. e3 Nf5
9. Nge2 Rb8 10. b5 axb5 11. Nxb5 Bb6 12. d4 exd4 13. Nbxd4 Ncxd4 14. Nxd4 Nxd4
15. exd4 Qe7+ 16. Be3 Ba5+ 17. Kf1 O-O 18. Qd3 Re8 19. Rb1 g6 20. Rb5 Bb6 21.
h4 Bd7 22. Rb2 Bf5 23. Qc3 h5 24. Bf3 Be4 25. Bxe4 Qxe4 26. Kg1 Ra8 27. Kh2 Qf3
28. c5 Ba5 29. Qb3 b6 30. cxd6 cxd6 31. Bf4 Qe4 32. d5 Rac8 33. Rd1 Rc3 34. Qb5
Rec8 35. Re2 Qf3 36. Re8+ Kg7 37. Rxc8 Qxf2+ 38. Kh3 Rxc8 39. Rf1 Qd4 40. Qd7
Rf8 41. Bxd6 Qg4+ 42. Qxg4 hxg4+ 43. Kxg4 f5+ 44. Kf3 Rd8 45. Be5+ Kf7 46. Rd1
b5 47. Rd3 b4 48. axb4 Bxb4 49. Bc7 Rd7 50. d6 Ke6 51. Kf4 Kf6 52. Bb8 Bc5 53.
Bc7 $11 1/2-1/2

[Event "258th YMCA Spring B"]
[Site "Warsaw"]
[Date "2022.04.14"]
[Round "2"]
[White "Szukalski, Antoni"]
[Black "Sypula, Krzysztof"]
[Result "1-0"]
[WhiteElo "1724"]
[BlackElo "1675"]
[PlyCount "95"]
[EventDate "2022.04.07"]
[EventType "tourn"]
[EventRounds "1"]
[EventCountry "POL"]
[SourceDate "2022.04.05"]

1. e4 c5 2. Nf3 e6 3. d4 cxd4 4. Nxd4 Nc6 5. Be3 Qc7 6. Nb5 Qb8 7. N1c3 a6 8.
Nd4 Nf6 9. Bd3 Bd6 10. h3 O-O 11. O-O Bh2+ 12. Kh1 Bf4 13. Qd2 Bxe3 14. Qxe3
Nxd4 15. Qxd4 d6 16. Qe3 Qc7 17. f4 Bd7 18. e5 Nd5 19. Qe4 f5 20. Nxd5 fxe4 21.
Nxc7 Rac8 22. Bxe4 Rxc7 23. exd6 Rc4 24. Bxb7 Rxc2 25. b3 Rd2 26. Rfd1 Rf2 27.
Rac1 Rxa2 28. Rc7 Rd8 29. Bc6 Bxc6 30. Rxc6 Kf7 31. Rc7+ Kf6 32. g4 h6 33. g5+
hxg5 34. fxg5+ Ke5 35. d7 Rf2 36. Rc5+ Ke4 37. Rc6 Rf7 38. Rxe6+ Kf5 39. Red6
Kxg5 40. Kg2 Re7 41. R1d5+ Kf4 42. Kf2 Re5 43. Rd4+ Kf5 44. Kf3 Rb5 45. Rd3 a5
46. Rc6 Ke5 47. Rc8 Rb8 48. Rxb8 1-0

[Event "258th YMCA Spring B"]
[Site "Warsaw"]
[Date "2022.04.15"]
[Round "2"]
[White "Nocek, Dominik"]
[Black "Sloniewska, Alicja"]
[Result "1/2-1/2"]
[WhiteElo "1553"]
[BlackElo "1757"]
[PlyCount "61"]
[EventDate "2022.04.07"]
[EventType "tourn"]
[EventRounds "1"]
[EventCountry "POL"]
[SourceDate "2022.04.05"]

1. e4 c6 2. d4 d5 3. e5 Bf5 4. h4 h5 5. c4 Qa5+ 6. Nc3 e6 7. Nge2 dxc4 8. Ng3
Bg6 9. Bxc4 Nd7 10. Bg5 Ne7 11. O-O O-O-O 12. Qb3 Qb6 13. Nce4 Qxb3 14. Nd6+
Kc7 15. axb3 a6 16. Rfd1 Nb6 17. Bd3 Rd7 18. Nge4 Bxe4 19. Bxe4 Ned5 20. Nc4
Bb4 21. Rac1 f6 22. Nxb6 Kxb6 23. Bxd5 fxg5 24. Bxe6 Re7 25. Bc4 gxh4 26. Rc2
Rd8 27. Re2 g5 28. Re4 Rf8 29. e6 Bd6 30. d5 c5 31. Rd2 1/2-1/2

[Event "258th YMCA Spring B"]
[Site "Warsaw"]
[Date "2022.04.20"]
[Round "2"]
[White "Safanowski, Tomasz"]
[Black "Pichurko, Jakub"]
[Result "1-0"]
[WhiteElo "1664"]
[BlackElo "1818"]
[PlyCount "65"]
[EventDate "2022.04.07"]
[EventType "tourn"]
[EventRounds "1"]
[EventCountry "POL"]
[SourceDate "2022.04.05"]

1. f4 d5 2. Nf3 g6 3. e3 Bg7 4. Be2 Nf6 5. O-O O-O 6. d3 c5 7. Nc3 d4 8. Ne4 b6
9. Nxf6+ Bxf6 10. e4 Nd7 11. Qe1 e5 12. f5 b5 13. Bh6 Bg7 14. Bxg7 Kxg7 15. Qg3
Re8 16. Ng5 Nf6 17. fxg6 fxg6 18. Rxf6 Qxf6 19. Rf1 Qe7 20. Qh4 Rh8 21. Rf7+
Qxf7 22. Nxf7 Kxf7 23. Qg5 Re8 24. h4 Rb8 25. c3 Bd7 26. h5 Rb6 $11 27. cxd4
cxd4 28. Bd1 Rf6 29. Qh6 Kg8 30. Qc1 Rc6 31. Bb3+ Kg7 32. h6+ Kh8 33. Qf1 1-0

[Event "258th YMCA Spring B"]
[Site "Warsaw"]
[Date "2022.04.21"]
[Round "3"]
[White "Pichurko, Jakub"]
[Black "Basiaga, Sebastian"]
[Result "0-1"]
[WhiteElo "1818"]
[BlackElo "1740"]
[PlyCount "137"]
[EventDate "2022.04.07"]
[EventType "tourn"]
[EventRounds "1"]
[EventCountry "POL"]
[SourceDate "2022.04.05"]

1. d4 d5 2. Nf3 Nf6 3. e3 c6 4. Bd3 Bg4 5. Nbd2 e6 6. O-O Nbd7 7. Re1 Be7 8. c3
Bh5 9. Qc2 Bg6 10. Bxg6 hxg6 11. h3 Qc7 12. e4 dxe4 13. Nxe4 Nxe4 14. Rxe4 Nf6
15. Bf4 Bd6 16. Bxd6 Qxd6 17. Re5 O-O-O 18. Ng5 Rdf8 19. Rae1 Kb8 20. a4 Nd7
21. R5e3 Rh5 22. Ne4 Qc7 23. b4 Rfh8 24. Ng3 Rd5 25. Rb1 Nf6 26. b5 g5 27. bxc6
Qxc6 28. Qd1 Rh4 29. f3 $11 Ra5 30. Re5 Rd5 31. Rxd5 Nxd5 32. Qb3 f5 33. Ne2 g4
34. fxg4 fxg4 35. c4 Nc7 36. Qg3 g5 37. hxg4 a6 38. a5 $11 Qe4 39. Rb2 Qh7 40.
Qf3 Rh1+ 41. Kf2 Ne8 42. Ng3 Rc1 43. Qf8 Rc2+ 44. Rxc2 Qxc2+ 45. Ne2 Qg6 46. d5
exd5 47. cxd5 Qf6+ 48. Qxf6 Nxf6 49. Ng3 Nxg4+ 50. Kf3 Ne5+ 51. Ke4 Nc4 52. Kd4
Nxa5 53. Ne4 b5 54. Nxg5 Nb7 55. Ne6 Nd6 56. g4 b4 57. Nc5 a5 58. g5 Kc7 59. g6
Ne8 60. Ne6+ Kd6 61. g7 Nxg7 62. Nxg7 b3 63. Nf5+ Kd7 64. Ne3 b2 65. Nc4 b1=Q
66. Ne5+ Kd8 67. Nc6+ Kc8 68. d6 Qb6+ 69. Kd5 0-1

[Event "258th YMCA Spring B"]
[Site "Warsaw"]
[Date "2022.04.19"]
[Round "3"]
[White "Sloniewska, Alicja"]
[Black "Safanowski, Tomasz"]
[Result "1-0"]
[WhiteElo "1757"]
[BlackElo "1664"]
[PlyCount "63"]
[EventDate "2022.04.07"]
[EventType "tourn"]
[EventRounds "1"]
[EventCountry "POL"]
[SourceDate "2022.04.05"]

1. d4 d6 2. c4 e5 3. Nc3 Nc6 4. Nf3 Bg4 5. d5 Nce7 6. e4 Nf6 7. Be2 Bxf3 8.
Bxf3 Ng6 9. O-O Be7 10. Be3 O-O 11. b4 Nd7 12. g3 Nb6 13. Qe2 Bg5 14. c5 Bxe3
15. Qxe3 Nc8 16. Rfc1 Nge7 17. Ne2 a5 18. a3 b6 19. Bg2 Qd7 20. f4 f6 21. c6
Qg4 22. Bf3 Qh3 23. Nc3 exf4 24. Qxf4 f5 25. Nb5 Rf7 $11 26. Nxc7 Ng6 27. Qg5
Ra7 28. Ne6 Rae7 29. bxa5 fxe4 30. Bxe4 Ne5 31. Bg2 Rxe6 32. Qd8+ 1-0

[Event "258th YMCA Spring B"]
[Site "Warsaw"]
[Date "2022.04.22"]
[Round "3"]
[White "Sypula, Krzysztof"]
[Black "Nocek, Dominik"]
[Result "0-1"]
[WhiteElo "1675"]
[BlackElo "1553"]
[PlyCount "68"]
[EventDate "2022.04.07"]
[EventType "tourn"]
[EventRounds "1"]
[EventCountry "POL"]
[SourceDate "2022.04.05"]

1. Nf3 Nf6 2. c4 g6 3. Nc3 Bg7 4. d4 d6 5. e4 O-O 6. Be2 c5 7. d5 e6 8. O-O
exd5 9. cxd5 Re8 10. Nd2 Na6 11. f4 Nc7 12. a4 Rb8 13. Bf3 a6 14. Re1 b5 15.
axb5 axb5 16. Nb3 b4 17. Na4 Bd7 18. e5 Bxa4 19. Rxa4 dxe5 20. d6 Ne6 21. fxe5
Nd7 22. Qd5 Nb6 23. Qc6 Nxa4 24. Qxa4 Qb6 25. Bc6 Red8 26. Na5 Qa7 27. Bd2 Rb6
28. Bb5 Ra8 29. Nc6 Qxa4 30. Ne7+ Kf8 31. Bxa4 Rxa4 32. Nd5 Rb8 33. Rd1 Bxe5
34. Bh6+ Bg7 0-1

[Event "258th YMCA Spring B"]
[Site "Warsaw"]
[Date "2022.04.21"]
[Round "3"]
[White "Mazurek, Jerzy"]
[Black "Szukalski, Antoni"]
[Result "1/2-1/2"]
[WhiteElo "1741"]
[BlackElo "1724"]
[PlyCount "93"]
[EventDate "2022.04.07"]
[EventType "tourn"]
[EventRounds "1"]
[EventCountry "POL"]
[SourceDate "2022.04.05"]

1. c4 Nf6 2. Nc3 e6 3. d4 Bb4 4. Qc2 c5 5. dxc5 Bxc5 6. Bf4 a6 7. e3 Nc6 8. Nf3
h6 9. Be2 Nh5 10. Bg3 Nxg3 11. hxg3 Be7 12. g4 d6 13. O-O-O Qa5 14. a3 Bd7 15.
Rh5 Qc7 16. g5 O-O-O 17. gxh6 gxh6 18. Rdh1 Na5 19. Ne4 Rhg8 20. Ng3 Bf8 21.
R5h2 Bg7 22. Nd4 Kb8 23. Kb1 Qb6 24. Qd2 Rc8 25. Rc1 e5 26. Qb4 Qxb4 27. axb4
Nxc4 28. Rxc4 Rxc4 29. Bxc4 exd4 30. exd4 Bxd4 31. Rxh6 Bxf2 32. Ne4 Bf5 33.
Bd3 Rxg2 34. Rf6 Bxe4 35. Bxe4 Bd4 36. Bxg2 Bxf6 37. Bd5 Bh4 38. Bxf7 Be1 39.
b5 axb5 40. Be8 b4 41. Kc2 Kc7 42. Kd3 d5 43. b3 Kd6 44. Bg6 Ke5 45. Kc2 Kd4
46. Bf5 Ke3 47. Bg6 1/2-1/2

[Event "258th YMCA Spring B"]
[Site "Warsaw"]
[Date "2022.05.04"]
[Round "3"]
[White "Kuc, Mariusz"]
[Black "Kacprzak, Karol"]
[Result "0-1"]
[WhiteElo "1747"]
[BlackElo "1705"]
[PlyCount "82"]
[EventDate "2022.04.07"]
[EventType "tourn"]
[EventRounds "1"]
[EventCountry "POL"]
[SourceDate "2022.04.05"]

1. e4 e6 2. d4 d5 3. e5 c5 4. c3 Nc6 5. Nf3 Qb6 6. a3 cxd4 7. cxd4 Nh6 8. b4
Nf5 9. Bb2 Be7 10. b5 a6 11. a4 Bb4+ 12. Bc3 Bxc3+ 13. Nxc3 Ncxd4 14. Bd3 Qa5
15. Rc1 Nxf3+ 16. gxf3 Ne7 17. O-O O-O 18. f4 Bd7 19. Qf3 Ng6 20. Rfe1 Rfc8 21.
Bb1 Qb4 22. f5 Qf4 23. Qg3 Qxg3+ 24. hxg3 Ne7 25. fxe6 fxe6 26. Bd3 axb5 27.
Nxb5 Rxa4 28. Nd6 Rxc1 29. Rxc1 Bc6 30. Rb1 Rd4 31. Bc2 Rd2 32. Bd1 Nf5 33. Bg4
Nxd6 34. exd6 Kf7 35. Re1 Bd7 36. f4 g6 37. Bf3 b5 38. Ra1 Rc2 39. Ra7 Ke8 40.
Rb7 Rc6 41. Rxb5 Rc1+ 0-1

[Event "258th YMCA Spring B"]
[Site "Warsaw"]
[Date "2022.04.22"]
[Round "3"]
[White "Milczarek, Robert"]
[Black "Matyszkiewicz, Wiktor"]
[Result "1/2-1/2"]
[WhiteElo "1664"]
[BlackElo "1769"]
[PlyCount "50"]
[EventDate "2022.04.07"]
[EventType "tourn"]
[EventRounds "1"]
[EventCountry "POL"]
[SourceDate "2022.04.05"]

1. d4 Nf6 2. c4 g6 3. Nc3 Bg7 4. e4 d6 5. Be2 O-O 6. Bg5 h6 7. Be3 e5 8. d5
Nbd7 9. Qd2 Kh7 10. g4 Ng8 11. h4 a5 12. h5 g5 13. f3 Nc5 14. Nh3 Bd7 15. b3 f6
16. O-O Qe7 17. Nf2 Rfb8 18. Rfd1 Bf8 19. Nb5 Bxb5 20. cxb5 b6 21. Bxc5 dxc5
22. Nd3 Qd7 23. Nb2 Bd6 24. Rab1 Ne7 $11 25. a3 Nc8 1/2-1/2

[Event "258th YMCA Spring B"]
[Site "Warsaw"]
[Date "2022.04.28"]
[Round "4"]
[White "Basiaga, Sebastian"]
[Black "Matyszkiewicz, Wiktor"]
[Result "0-1"]
[WhiteElo "1740"]
[BlackElo "1769"]
[PlyCount "154"]
[EventDate "2022.04.07"]
[EventType "tourn"]
[EventRounds "1"]
[EventCountry "POL"]
[SourceDate "2022.04.05"]

1. e4 c5 2. Nf3 d6 3. Bb5+ Bd7 4. Bxd7+ Qxd7 5. c4 Nf6 6. Nc3 g6 7. d4 cxd4 8.
Nxd4 Bg7 9. O-O O-O 10. f3 a5 11. Be3 Na6 12. b3 Nc5 13. Qe2 Rfd8 14. Rfd1 Qe8
15. Rac1 Nfd7 16. Ndb5 Na6 17. Nd5 Qf8 18. Bg5 f6 19. Be3 Ndc5 20. Rd2 Qf7 21.
Rcd1 Rf8 22. Qf2 Rac8 23. Qe1 Kh8 24. Re2 a4 25. b4 Ne6 26. Nb6 Rc6 27. Rc1 Nf4
28. Bxf4 Rxb6 29. a3 Rc6 30. Rec2 Nb8 31. Be3 Nd7 32. Na7 Rc7 33. Qe2 f5 34.
Nb5 Rcc8 35. Bd4 Bxd4+ 36. Nxd4 fxe4 37. Qxe4 Qf4 38. Qxf4 Rxf4 39. Ne2 Rf5 40.
f4 Kg8 41. g3 Kf7 42. Nd4 Rf6 43. Kg2 h6 44. Nf3 b6 45. h4 Re6 46. Re1 Rxe1 47.
Nxe1 e5 48. Kf3 Ke6 49. Nd3 b5 50. fxe5 Rxc4 51. Nf4+ Kxe5 52. Re2+ Kd4 53.
Rd2+ Kc3 54. Rxd6 Ne5+ 55. Kg2 Kb3 56. Rd5 Nc6 57. Nxg6 Kxa3 58. Rxb5 Rxb4 59.
Rh5 Kb3 60. Nf4 a3 61. Ne2 Rc4 62. Rb5+ Ka4 63. Rb1 Rc2 64. Kf3 Na5 65. g4 Nb3
66. g5 hxg5 67. hxg5 a2 68. Rg1 Nc1 69. Rg4+ Ka5 70. Nd4 Rc3+ 71. Ke4 a1=Q 72.
g6 Qb1+ 73. Kd5 Qb7+ 74. Kd6 Qc7+ 75. Kd5 Rc5+ 76. Ke4 Qg7 77. Rg1 Rc4 0-1

[Event "258th YMCA Spring B"]
[Site "Warsaw"]
[Date "2022.04.27"]
[Round "4"]
[White "Kacprzak, Karol"]
[Black "Milczarek, Robert"]
[Result "1/2-1/2"]
[WhiteElo "1705"]
[BlackElo "1664"]
[PlyCount "71"]
[EventDate "2022.04.07"]
[EventType "tourn"]
[EventRounds "1"]
[EventCountry "POL"]
[SourceDate "2022.04.05"]

1. c4 Nf6 2. Nc3 g6 3. g3 Bg7 4. Bg2 O-O 5. Nf3 d6 6. O-O e5 7. d3 h6 8. Rb1 a5
9. a3 Re8 10. Nd2 c6 11. b4 axb4 12. axb4 d5 13. b5 Be6 14. c5 Nbd7 15. bxc6
bxc6 16. Na4 Bf8 17. Nb6 Ra5 18. Nb3 Rb5 19. Nxd7 Nxd7 20. Bb2 Qb8 21. Ba1 Nxc5
22. Nxc5 Bxc5 23. Rxb5 Qxb5 24. Qd2 Kh7 25. Bxe5 Be7 26. d4 f6 27. Bf4 Bf5 28.
Be3 Rb8 29. h4 h5 30. Ra1 Bd6 31. Bf4 Bb4 32. Qe3 Rg8 33. Ra7+ Rg7 34. Rxg7+
Kxg7 35. Qe8 Qb7 36. Kh2 $11 1/2-1/2

[Event "258th YMCA Spring B"]
[Site "Warsaw"]
[Date "2022.05.05"]
[Round "4"]
[White "Szukalski, Antoni"]
[Black "Kuc, Mariusz"]
[Result "0-1"]
[WhiteElo "1724"]
[BlackElo "1747"]
[PlyCount "109"]
[EventDate "2022.04.07"]
[EventType "tourn"]
[EventRounds "1"]
[EventCountry "POL"]
[SourceDate "2022.04.05"]

1. d4 f5 2. Nf3 Nf6 3. c4 g6 4. Nc3 d6 5. g3 Bg7 6. Bg2 O-O 7. O-O Qe8 8. Bg5
Ne4 9. Be3 Nxc3 10. bxc3 Nd7 11. Qb3 c5 12. Ng5 Nf6 13. dxc5 h6 14. Nf3 dxc5
15. Bxc5 Ne4 16. Bd4 e5 17. Be3 g5 18. Nd2 Nxd2 19. Bd5+ Kh8 20. Bxd2 f4 21.
Qc2 Bf5 22. Be4 Be6 23. Bd5 Rd8 24. Qe4 Bf5 25. Qg2 Qh5 26. Rfe1 e4 27. f3 Bh3
28. Qf2 e3 29. Bxe3 fxe3 30. Qxe3 Rde8 31. Qd2 Be5 32. Bxb7 Bf5 33. c5 Rd8 34.
Qb2 Qh3 35. e3 Rd3 36. Rac1 Rfd8 37. Qg2 Bxc3 38. Qxh3 Bxh3 39. c6 Bxe1 40. c7
Bd2 41. cxd8=Q+ Rxd8 42. Rb1 Bxe3+ 43. Kh1 Rd2 44. f4 gxf4 45. gxf4 Bxf4 46. a4
Rxh2+ 47. Kg1 Ra2 48. Bc6 Be3+ 49. Kh1 Bb6 50. Re1 Kg7 51. Re7+ Kf6 52. Re8 h5
53. Rf8+ Kg5 54. Rg8+ Kh4 55. Rf8 0-1

[Event "258th YMCA Spring B"]
[Site "Warsaw"]
[Date "2022.04.29"]
[Round "4"]
[White "Nocek, Dominik"]
[Black "Mazurek, Jerzy"]
[Result "1-0"]
[WhiteElo "1553"]
[BlackElo "1741"]
[PlyCount "139"]
[EventDate "2022.04.07"]
[EventType "tourn"]
[EventRounds "1"]
[EventCountry "POL"]
[SourceDate "2022.04.05"]

1. e4 c5 2. Nf3 Nc6 3. d4 cxd4 4. Nxd4 Nf6 5. Nc3 d6 6. g3 g6 7. Bg2 Nxd4 8.
Qxd4 Bg7 9. O-O O-O 10. Qd3 Ng4 11. Qe2 Be6 12. Nd5 Rc8 13. c3 Ne5 14. Be3 b6
15. Bd4 Nc4 16. Bxg7 Kxg7 17. b3 Na5 18. c4 Qd7 19. f4 f6 20. Rac1 Nc6 21. Qd3
Bf7 22. Rfd1 Rfd8 23. a3 e5 24. Rf1 Bxd5 25. exd5 Nd4 26. a4 Rf8 27. Rce1 Qc7
28. Kh1 Qc5 29. Rd1 Qb4 30. Rb1 a6 31. Rfd1 Rc5 32. Qd2 Qxd2 33. Rxd2 b5 34.
axb5 axb5 35. Bf1 Ra8 36. b4 Rc7 37. cxb5 Rb7 38. Rf2 Nxb5 39. Bxb5 Rxb5 40.
fxe5 fxe5 41. Rc2 Rxd5 42. Rc7+ Kh6 43. b5 Ra5 44. Rb7 Rc5 45. Rd1 d5 46. b6
Rab5 47. Rb8 d4 48. Ra1 Rc6 49. b7 Rc7 50. Re1 d3 51. Rd8 Rbxb7 52. Rxd3 Re7
53. Rde3 Kg5 54. Re4 h5 55. Kg2 Rb2+ 56. Kf3 Kf5 57. h3 Rb5 58. Kg2 g5 59. g4+
hxg4 60. hxg4+ Ke6 61. Kg3 Kd5 62. R1e2 Rb3+ 63. Kg2 Rd3 64. Kf2 Re6 65. Ra4
Rc3 66. Ra5+ Rc5 67. Rd2+ Kc4 68. Rc2+ Kd3 69. Rcxc5 e4 70. Rd5+ 1-0

[Event "258th YMCA Spring B"]
[Site "Warsaw"]
[Date "2022.04.28"]
[Round "4"]
[White "Safanowski, Tomasz"]
[Black "Sypula, Krzysztof"]
[Result "0-1"]
[WhiteElo "1664"]
[BlackElo "1675"]
[PlyCount "110"]
[EventDate "2022.04.07"]
[EventType "tourn"]
[EventRounds "1"]
[EventCountry "POL"]
[SourceDate "2022.04.05"]

1. f4 d5 2. Nf3 Nf6 3. e3 Bf5 4. Be2 e6 5. O-O Be7 6. b3 c6 7. Bb2 Nbd7 8. d3
Qb6 9. Nd4 c5 10. Nxf5 exf5 11. Nd2 O-O 12. Qe1 Rfe8 13. Qg3 Bf8 14. Rae1 Qa5
15. c3 Qxa2 16. Bc1 Qa5 17. Nf3 g6 18. Bd2 Qc7 19. c4 dxc4 20. bxc4 Bg7 21. Ng5
a5 22. Bc3 h6 23. Nh3 Re6 24. Ba1 Rae8 25. Bd1 Nb8 26. Nf2 Nc6 27. Bc2 Nb4 28.
Ba4 Nc6 29. Qh3 Qe7 30. Bc3 b6 31. e4 fxe4 32. dxe4 Qc7 33. f5 gxf5 34. Qxf5
Ne7 35. Qf3 Rf8 36. h4 Ng6 37. Nd3 Nxh4 38. Qh3 Ng6 39. Bc2 Nh7 40. Bxg7 Kxg7
41. e5 Ng5 42. Qh5 Qd7 43. Rf6 Qd4+ 44. Kh1 Rxf6 45. exf6+ Qxf6 46. Re2 Qf1+
47. Kh2 Nf4 48. Nxf4 Qxf4+ 49. Kg1 Qxc4 50. Rf2 Qd4 51. Qe2 a4 52. Kh2 a3 53.
Rf5 Qd6+ 54. g3 a2 55. Qh5 Qd2+ 0-1

[Event "258th YMCA Spring B"]
[Site "Warsaw"]
[Date "2022.04.26"]
[Round "4"]
[White "Pichurko, Jakub"]
[Black "Sloniewska, Alicja"]
[Result "1/2-1/2"]
[WhiteElo "1818"]
[BlackElo "1757"]
[PlyCount "31"]
[EventDate "2022.04.07"]
[EventType "tourn"]
[EventRounds "1"]
[EventCountry "POL"]
[SourceDate "2022.04.05"]

1. Nf3 d5 2. d4 Nf6 3. e3 Bf5 4. b3 e6 5. Bb2 Be7 6. Bd3 Bxd3 7. Qxd3 O-O 8.
Ne5 Nbd7 9. Nd2 c5 10. f4 cxd4 11. exd4 Rc8 12. O-O Nb8 13. a3 Nc6 14. Rac1 Qb6
15. Kh1 Rfd8 16. h3 $11 1/2-1/2